000 00856nas a2200289 4500
001 BR2015002242
003 BR-BrBNA
005 20231205125223.0
007 ta
008 230509b bl.|||p| |||| 00| 00por d
040 _aBR-BrBNA
_bpor
_cBiblioteca Nacional de Agricultura
041 _a(En)
072 _aQ02
100 1 _aStülp, M.
100 1 _aGnas, B.B.B.
100 1 _aClemente, E.
245 1 _aConservation and nutritional quality of blueberry treated with eatable covering
650 _aMIRTILO
650 _aPÓS-COLHEITA
650 _aAGRICULTURA ORGÂNICA
650 _aARMAZENAMENTO
650 _aTEMPERATURA
650 _aQUALIDADE
773 0 _tCiência e Agrotecnologia (Brazil)
_xISSN 1413-7054
_g(Jul-Aug 2014), v. 38(4) p. 361-366
_wBR2015002242
909 _a202311
_bLúcia
_c55
_dLúcia Elande
942 _2AGRIS
_n0
_cANA
999 _c243290
_d243290